Jadual kadar harga kerja-kerja kecil dan memperbaiki
| Format: | Book |
|---|---|
| Published: |
Kuala Lumpur :
YSP ,
2000
|
| Subjects: |
MARC
| LEADER | 00000cam a2200000 7i4500 | ||
|---|---|---|---|
| 001 | 0000011917 | ||
| 005 | 20051020.0 | ||
| 040 | |a INS | ||
| 090 | 0 | 0 | |a TH2031 |b J11 2000 |
| 245 | 1 | 0 | |a Jadual kadar harga kerja-kerja kecil dan memperbaiki |
| 260 | |a Kuala Lumpur : |b YSP , |c 2000 | ||
| 300 | |a ix ; |c 26cm. | ||
| 650 | 0 | 0 | |a BuildingIxdetails |
| 999 | |a 0000015486 |b BOOK |c Open Shelf |e Default branch | ||